Perry's chemical engineers' handbook. (Record no. 60931)

000 -LEADER
fixed length control field 01583cam a2200349 a 4500
001 - CONTROL NUMBER
control field 693096
003 - CONTROL NUMBER IDENTIFIER
control field NUST-PNEC
005 - DATE AND TIME OF LATEST TRANSACTION
control field 20170116180710.0
008 - FIXED-LENGTH DATA ELEMENTS--GENERAL INFORMATION
fixed length control field 961121s1997 nyua bf 001 0 eng
010 ## - LIBRARY OF CONGRESS CONTROL NUMBER
LC control number 96051648
020 ## - INTERNATIONAL STANDARD BOOK NUMBER
International Standard Book Number 0071154485
040 ## - CATALOGING SOURCE
Transcribing agency PNEC
050 00 - LIBRARY OF CONGRESS CALL NUMBER
Classification number TP151
Item number .P45 1997
082 00 - DEWEY DECIMAL CLASSIFICATION NUMBER
Classification number 660 PER
Edition number 21
100 ## - MAIN ENTRY--PERSONAL NAME
9 (RLIN) 519
Personal name Perry, Robert H.
245 00 - TITLE STATEMENT
Title Perry's chemical engineers' handbook.
250 ## - EDITION STATEMENT
Edition statement 7th ed. /
Remainder of edition statement prepared by a staff of specialists under the editorial direction of late editor Robert H. Perry ; editor, Don W. Green ; assistant editor, James O. Maloney.
260 ## - PUBLICATION, DISTRIBUTION, ETC.
Place of publication, distribution, etc. New York :
Name of publisher, distributor, etc. McGraw-Hill,
Date of publication, distribution, etc. c1997.
300 ## - PHYSICAL DESCRIPTION
Extent 1 v. (various pagings) :
Other physical details ill. ;
Dimensions 27 cm.
500 ## - GENERAL NOTE
General note Includes Index http://www.amazon.com/Chemical-Engineers-Handbook-McGraw-Hill-International/dp/0071154485/ref=sr_1_1?s=books&ie=UTF8&qid=1412314890&sr=1-1&keywords=0071154485
504 ## - BIBLIOGRAPHY, ETC. NOTE
Bibliography, etc. note Includes bibliographical references and index.
650 #0 - SUBJECT ADDED ENTRY--TOPICAL TERM
Topical term or geographic name entry element Chemical engineering
General subdivision ME
700 1# - ADDED ENTRY--PERSONAL NAME
Personal name Perry, Robert H.,
Dates associated with a name 1924-1978.
700 1# - ADDED ENTRY--PERSONAL NAME
Personal name Green, Don W.
700 1# - ADDED ENTRY--PERSONAL NAME
Personal name Maloney, James O.
856 42 - ELECTRONIC LOCATION AND ACCESS
Materials specified Publisher description
Uniform Resource Identifier <a href="http://www.loc.gov/catdir/description/mh022/96051648.html">http://www.loc.gov/catdir/description/mh022/96051648.html</a>
856 41 - ELECTRONIC LOCATION AND ACCESS
Materials specified Table of contents
Uniform Resource Identifier <a href="http://www.loc.gov/catdir/toc/mh022/96051648.html">http://www.loc.gov/catdir/toc/mh022/96051648.html</a>
856 42 - ELECTRONIC LOCATION AND ACCESS
Materials specified Contributor biographical information
Uniform Resource Identifier <a href="http://www.loc.gov/catdir/enhancements/fy0735/96051648-b.html">http://www.loc.gov/catdir/enhancements/fy0735/96051648-b.html</a>
906 ## - LOCAL DATA ELEMENT F, LDF (RLIN)
a 7
b cbc
c orignew
d 1
e ocip
f 19
g y-gencatlg
942 ## - ADDED ENTRY ELEMENTS (KOHA)
Source of classification or shelving scheme
Koha item type Book
Holdings
Withdrawn status Lost status Source of classification or shelving scheme Damaged status Not for loan Permanent Location Current Location Shelving location Date acquired Source of acquisition Cost, normal purchase price Total Checkouts Full call number Barcode Date last seen Cost, replacement price Price effective from Koha item type
          Pakistan Navy Engineering College (PNEC) Pakistan Navy Engineering College (PNEC) Reference 04/20/2004 Fair Book Center 4101.00   660 PER PNECLIB-026281 10/03/2014 4101.00 04/20/2004 Book
© 2023 Central Library, National University of Sciences and Technology. All Rights Reserved.